| 000 | 00421nam a2200157Ia 4500 | ||
|---|---|---|---|
| 008 | 230312s9999||||xx |||||||||||||| ||und|| | ||
| 020 | _a0-684-84384-6 | ||
| 082 |
_a658 _bLEW-S |
||
| 100 | _aRoger Lewin | ||
| 245 | 0 | _aSoul at Work | |
| 260 |
_bSIMON & SCHUSTER _aNew York _c2000 |
||
| 300 | _a336 | ||
| 546 | _aEng. | ||
| 650 |
_aManagement _vThe World of Complexity Science, World of Complexity Experience |
||
| 942 | _cBK | ||
| 999 |
_c995 _d995 |
||